Detalles MARC
| 000 -LIDER |
| fixed length control field |
01354nam a22003257a 4500 |
| 003 - IDENTIFICACDOR DE NÚMERO DE CONTROL |
| control field |
DO-SdBNP |
| 005 - DATE AND TIME OF LATEST TRANSACTION |
| control field |
20220630110651.0 |
| 008 - ELEMENTOS DE LONGITUD FIJA |
| fixed length control field |
210303b 2001 dr 00| 0 spa d |
| 020 ## - ISBN |
| International Standard Book Number |
9993439061 |
| 040 ## - FUENTE DE CATALOGACIÓN |
| Agencia que crea de manera original el registro |
BPMSU |
| Agencia que realiza la transcripción |
esp. |
| Agencia que realiza la modificación |
BPMSU |
| 082 ## - NÚMERO DE CLASIFICACIÓN DECIMAL DE DEWEY |
| Classification number |
355.097293 |
| Item number |
M433e, 2001 |
| Edition number |
22 |
| 100 ## - ASIENTO PRINCIPAL -- NOMBRE PERSONAL |
| Nombre personal |
Matos González, Ramiro |
| Fechas asociadas con el nombre |
1927- |
| 245 ## - MENCIÓN DE TITULO |
| Título |
Efemérides militares de la independencia / |
| Mención de responsabilidad |
Ramiro Matos González y José Miguel Soto Jiménez |
| 250 ## - MENCIÓN DE EDICION |
| Mención de edición |
2a ed. corr.y aument. |
| Mención de responsabilidad relacionada con la edición |
|
| 260 ## - PUBLICACIÓN, DISTRIBUCIÓN, ETC. (PIE DE IMPRENTA) |
| Lugar de publicación, distribución, etc |
Santo Domingo : |
| Nombre del editor, distribuidor, etc. |
Librería la Trinitaria |
| Fecha de publicación, distribución, etc |
2001 |
| 300 ## - DESCRIPCIÓN FÍSICA |
| Extensión |
397 p. ; |
| Dimensiones |
23 cm. |
| 500 ## - NOTA GENERAL |
| Nota general |
La 1ra. edición en cuatro tomos,1979: 1er. Tomo 162 páginas 5x8, 2do. 175 páginas 5x8, 3er. Tomo 163 páginas 5x8. |
| 500 ## - NOTA GENERAL |
| Nota general |
Incluye datos biográficos de los autores en las solapas |
| 500 ## - NOTA GENERAL |
| Nota general |
|
| 500 ## - NOTA GENERAL |
| Nota general |
|
| 505 0# - NOTA DE CONTENIDO |
| Texto normalizado de contenido |
Contenido: Palabras al comienzo -- Opiniones -- Enero -- Febrero -- Marzo -- Abril --Mayo -- Junio -- Julio. Agosto -- Septiembre -- Octubre -- Noviembre -- Diciembre. |
| 590 ## - NOTA LOCAL |
| Field link and sequence number (RLIN) |
Inventariado, 2021 /VM |
| 650 ## - ENCABEZAMIENTO DE MATERIA--TEMÁTICO |
| Término temático o nombre geográfico como elemento de entrada |
|
| 651 #4 - ENCABEZAMIENTO DE MATERIA--NOMBRE GEOGRÁFICO |
| Nombre geográfico |
República Dominicana |
| Subdivisión temática general |
Ejercito Nacional |
| -- |
Historia |
| 651 #4 - ENCABEZAMIENTO DE MATERIA--NOMBRE GEOGRÁFICO |
| Nombre geográfico |
República Dominicana |
| Subdivisión temática general |
Historia militar |
| -- |
Cronología |
| 651 #4 - ENCABEZAMIENTO DE MATERIA--NOMBRE GEOGRÁFICO |
| Nombre geográfico |
República Dominicana |
| Subdivisión temática general |
Historia |
| -- |
Cronología |
| Subdivisión cronológica |
1844-1861 |
| 700 ## - ASIENTO SECUNDARIO -- NOMBRE PERSONAL |
| Nombre personal |
Soto Jiménez, José Miguel |
| Fechas asociadas con el nombre |
1956 - |
| 910 ## - VALIDACIÓN |
| Validación |
VMateo V. |
| 942 ## - ADDED ENTRY ELEMENTS (KOHA) |
| Source of classification or shelving scheme |
Dewey Decimal Classification |
| Koha item type |
Libros |